Rozpoznaj postać po wąsie - Statystyki

Ogólne statystyki
  • Ten quiz został rozwiązany 187 razy
  • Średni wynik to 6 z 15
Statystyki odpowiedzi
Obrazkowy Odpowiedź % Poprawnych
Sławomir
91%
Albert Einstein
89%
Tomasz Karolak
75%
Asterix
74%
Osama Bin'Laden
66%
Fidel Castro
41%
Włodzimierz Iljicz Lenin
37%
Luigi (Super Mario Bros)
28%
Mario (Super Mario Bros)
28%
Józef Piłsudski
16%
Bartosz Walaszek/Fagot
13%
Saddam Hussein
10%
Sacha Baron Cohen/Borat Sgdiyev
8%
Ulf Kjellberg/PewDiePie
7%
Piotr Połać/Figo
4%
Nie znaleziono quizów pasujących do podanych kryteriów
Rozkład punktacji
Procent ludzi z każdym wynikiem
Percentyl według liczby udzielonych odpowiedzi
Twoja historia wyników
Nie rozwiązałeś tego quizu